000 00318nam a22001337a 4500
082 _a823
_bCLA/A
245 _aALICE IN WONDERSLAND
_bSHORT STORY
246 _aALICE IN WONDERSLAND
_bSHORT STORY
250 _a2003
260 _aDELHI
_bCLASIC BOOKS
_c2003
300 _a250
520 _aCHILDRENS SHORT STORY
942 _cBK
999 _c383
_d383